000 00932cam a22002654a 4500
999 _c2187
_d2187
003 OSt
005 20220407112644.0
008 030221s2004 njua b 001 0 eng
020 _a0130455296
040 _cDLC
042 _apcc
050 0 0 _aRT41
_b.F88 2004
245 0 0 _aFundamentals of nursing :
_bconcepts, process, and practice /
_cBarbara Kozier ... [et al.].
250 _a7th ed.
260 _aUpper Saddle River, N.J. :
_bPrentice Hall Health,
_cc2004.
300 _axxxiii, 1516 p. :
_bill. (chiefly col.) ;
_c28 cm. +
_e1 CD-ROM (4 3/4 in.)
504 _aIncludes bibliographical references and index.
650 0 _aNursing.
650 1 2 _aNursing Process.
650 2 2 _aNursing Care.
700 1 _aKozier, Barbara.
906 _a7
_bcbc
_corignew
_d1
_eocip
_f20
_gy-gencatlg
942 _2lcc
_cBK
_nSO